US Supreme Court Chief Justices - Statistics

General Stats
  • This quiz has been taken 1,081 times
  • The average score is 8 of 17
Answer Stats
Years US Supreme Court Chief Justice % Correct
2005- John G. Roberts, Jr.
91%
1801-1835 John Marshall
79%
1953-1969 Earl Warren
76%
1789-1795 John Jay
75%
1921-1930 William Howard Taft
71%
1986-2005 William Rehnquist
70%
1969-1986 Warren E. Burger
67%
1836-1864 Roger B. Taney
49%
1930-1941 Charles Evans Hughes
32%
1864-1873 Salmon P. Chase
32%
1910-1921 Edward Douglass White
27%
1946-1953 Fred M. Vinson
26%
1941-1946 Harlan F. Stone
25%
1795 John Rutledge
25%
1888-1910 Melville Fuller
21%
1874-1888 Morrison Waite
19%
1796-1800 Oliver Ellsworth
19%
No matching quizzes found
Score Distribution
Percent of People with Each Score
Percentile by Number Answered
Your Score History
You have not taken this quiz